Gaming Quiz

Random Gaming or Video Games Quiz

Final bosses by ultimate attack Quiz Stats

 Plays Quiz not verified by Sporcle

Score 0/30 Timer 10:00
0 Plays Today
Attack % Correct
Super NovaSafer Sephiroth
81.8%
GonerKefka
72.7%
DreamlessLavos Core
68.2%
AlmagestNeo Exdeath
59.1%
Great AttractorUltimecia
50%
Big BangZeromus
50%
All-UltimaAltima
13.6%
Bone LaserDeathevan
13.6%
HolocaustMyria
13.6%
Soul RendAstral
9.1%
Bloody SinDark Angel
9.1%
Meteor SwarmSmithy
9.1%
Ultimate BreakDeus
4.5%
Heaven's RageAlexander
4.5%
Fate StormMagic Emperor
4.5%
Attack % Correct
Gaia's WrathDark Gaia
4.5%
Proton BeamZeik Tuvai
4.5%
Negative FlareLord Blazer
4.5%
Dark OmenSophie Peithos
4.5%
Eternal ChainAlbedo
4.5%
Terror WaveDaos
0%
Grand ComplicationCorbenik
0%
DoomsdayCort
0%
Saint AliciaPure Odio
0%
Ultra VortexZophar
0%
Divine ComedyIndalecio
0%
Divine PowerUltra Kronos
0%
Finality DeadEndNereid Regulus
0%
Heaven's GateZulwarn
0%
Seyfert MicrocosmNega Filgaia
0%

You're not logged in!

Compare scores with friends on all Sporcle quizzes.
OR
Log In

Show Comments

Extras

Top Quizzes Today


Score Distribution

Your Account Isn't Verified!

In order to create a playlist on Sporcle, you need to verify the email address you used during registration. Go to your Sporcle Settings to finish the process.

Report this User

Report this user for behavior that violates our Community Guidelines.

Details: